Náš pes časopis pre ľudí, ktorí majú radi psov

Bibliographic Details
Other Authors: Staviarska, Viera (Editor)
Format: Journal
Language:Slovak
PhysicalDescription:1 zv. 30 cm
Published: Veľké Úľany Via Sonet 2011-2011
ISSN:1338-2993
Subjects:

MARC

LEADER 00000cas a2200000 a 4500
001 vtls010211450
003 SK-MaSNL
005 20260228161158.0
008 110215d20112011xo zr p 0 b0slo
022 |a 1338-2993 
040 |a SVKBB  |b slo  |c SVKBB  |d SNK  |e AACR2 
041 0 |a slo 
044 |a xo  |c SK 
072 7 |a 636  |x Živočíšna výroba  |2 konspekt 
080 |a 636.7  |2 2001 
080 |a 050  |2 2011 
080 |a (051)-048.55  |2 2011 
210 0 |a Náš pes 
222 0 |a Náš pes 
245 0 0 |a Náš pes  |b časopis pre ľudí, ktorí majú radi psov 
260 |a Veľké Úľany  |b Via Sonet  |c 2011-2011 
300 |a 1 zv.  |c 30 cm 
310 |a 10x ročne 
362 0 |a Roč. 1, č. 1 (2011)-roč. 1, č. 8 (2011)  |z KE001/2011 
500 |a Registrácia MK: EV 4197/10 
500 |a Editor: 1/2011-8/2011, Viera Staviarska 
650 0 7 |a kynológia  |2 SNKPH  |9 24771 
650 0 7 |a psy  |2 SNKPH  |9 1288 
650 0 7 |a Kynology  |2 SNKPHeng  |9 268141 
650 0 7 |a Dogs  |2 SNKPHeng  |9 267341 
655 7 |a špecializované časopisy  |2 SNKPH  |9 70509 
700 1 |a Staviarska, Viera  |4 edt  |9 268142 
852 |a Štátna vedecká knižnica v Banskej Bystrici 
910 |a savuk 
910 |a snk 
999 |c 4577  |d 6507 
952 |0 0  |1 0  |4 0  |7 0  |8 0  |a SNK  |b SNK  |d 2018-10-18  |i snk2018/21304  |l 0  |o snkČSB 6827/1/2011  |p 17A1329234  |r 2026-02-21 21:50:44  |t č. 1-8  |w 2026-02-21  |y PREZ 
952 |0 0  |1 0  |4 0  |7 0  |8 0  |a SNK  |b SNK  |d 2018-10-18  |i snk2018/21312  |l 0  |o snkČSB 6827/1/2011 D1  |p 17A1329235  |r 2026-02-21 21:50:44  |t č. 1-8, neúplné  |w 2026-02-21  |y PREZ  |z Chýba č. 4, 8